000
00293nam a2200109Ia 4500
008
190914s9999||||xx |||||||||||||| ||und||
100
_a
Zill,Dennis G.
245
2
_a
A First Course in Dfferential Equations With Applications
260
_a
New Delhi
_b
Prentice
_c
2002
300
_a
340
942
_c
BK
999
_c
8813
_d
8813